000 00329nam a2200121Ia 4500
008 190216s9999||||xx |||||||||||||| ||und||
100 _aIan Sneddon
245 0 _aElements Of Partial Differential Equations
250 _aSECOND EDITION
260 _bMcgraw-Hill International Edition
_c1957
650 _aMathematics
942 _cBK
999 _c31109
_d31109